The Art of Business Process Modeling : (Record no. 16557)
[ view plain ]
| 000 -LEADER | |
|---|---|
| fixed length control field | 01186nam a22002417a 4500 |
| 008 - FIXED-LENGTH DATA ELEMENTS--GENERAL INFORMATION | |
| fixed length control field | 120307s2010 mau|||||r|||| 001 0 eng d |
| 020 ## - INTERNATIONAL STANDARD BOOK NUMBER | |
| International Standard Book Number | 1450541666 |
| 020 ## - INTERNATIONAL STANDARD BOOK NUMBER | |
| International Standard Book Number | 9781450541664 |
| 082 ## - DEWEY DECIMAL CLASSIFICATION NUMBER | |
| Edition number | 22 |
| Classification number | 005.117 |
| Item number | SCH |
| 100 ## - MAIN ENTRY--PERSONAL NAME | |
| 9 (RLIN) | 29271 |
| Personal name | Schedlbauer, Martin J. |
| 245 ## - TITLE STATEMENT | |
| Title | The Art of Business Process Modeling : |
| Remainder of title | the Business Analyst's Auide to Process Modeling with UML & BPMN / |
| Statement of responsibility, etc | by Martin Schedlbauer |
| 260 ## - PUBLICATION, DISTRIBUTION, ETC. (IMPRINT) | |
| Place of publication, distribution, etc | Sudbury, Mass. : |
| Name of publisher, distributor, etc | Cathris Group, |
| Date of publication, distribution, etc | c2010. |
| 300 ## - PHYSICAL DESCRIPTION | |
| Extent | v, 106 p. : |
| Other physical details | ill. ; |
| Dimensions | 24 cm. |
| 504 ## - BIBLIOGRAPHY, ETC. NOTE | |
| Bibliography, etc | Includes bibliographical references and index. |
| 650 ## - SUBJECT ADDED ENTRY--TOPICAL TERM | |
| 9 (RLIN) | 11664 |
| Topical term or geographic name as entry element | Project management. |
| 650 ## - SUBJECT ADDED ENTRY--TOPICAL TERM | |
| 9 (RLIN) | 11535 |
| Topical term or geographic name as entry element | Computer software |
| General subdivision | Development. |
| 650 ## - SUBJECT ADDED ENTRY--TOPICAL TERM | |
| 9 (RLIN) | 12426 |
| Topical term or geographic name as entry element | Information technology |
| General subdivision | Management. |
| 653 ## - INDEX TERM--UNCONTROLLED | |
| Resource For college | |
| Arrived date list | March2012 |
| 942 ## - ADDED ENTRY ELEMENTS (KOHA) | |
| Source of classification or shelving scheme | Dewey Decimal Classification |
| Item type | Book - Borrowing |
| Withdrawn status | Item status | Source of classification or shelving scheme | Damaged status | Not for loan | Vendor | Home library | Current library | Shelving location | Date acquired | Total Checkouts | Full call number | Barcode | Date last seen | Koha item type | Source of acquisition | Date last borrowed | Total Renewals |
|---|---|---|---|---|---|---|---|---|---|---|---|---|---|---|---|---|---|
| Dewey Decimal Classification | Baccah | Central Library | Central Library | Lower Floor | 07/03/2012 | 005.117 SCH | 000026361 | 15/07/2025 | Book - Borrowing | ||||||||
| Dewey Decimal Classification | Baccah | Central Library | Central Library | Lower Floor | 07/03/2012 | 1 | 005.117 SCH | 000026362 | 15/07/2025 | Book - Borrowing | 03/02/2013 | ||||||
| Dewey Decimal Classification | Baccah | Central Library | Central Library | Lower Floor | 07/03/2012 | 1 | 005.117 SCH | 000026363 | 15/07/2025 | Book - Borrowing | 25/02/2018 | 11 |